Library of the University of Algiers 3
Ibrahim Sultan Cheibout
شعار جامعة الجزائر 3
مكتبة جامعة الجزائر 3
إبراهيم سلطان شيبوط

المحاسبة العملية في الاعمال الزراعية و الريفية / (رقم التسجيلة. 45773)

تفاصيل مارك
000 -LEADER
fixed length control field 01175nam a2200217Ia 4500
003 - CONTROL NUMBER IDENTIFIER
control field Ost
005 - DATE AND TIME OF LATEST TRANSACTION
control field 20260507075659.0
008 - FIXED-LENGTH DATA ELEMENTS--GENERAL INFORMATION
fixed length control field 260507s9999||||xx |||||||||||||| ||und||
020 ## - INTERNATIONAL STANDARD BOOK NUMBER
International Standard Book Number 6783059960
040 ## - CATALOGING SOURCE
Transcribing agency fsecg
041 ## - LANGUAGE CODE
Language code of text/sound track or separate title ara
100 ## - MAIN ENTRY--PERSONAL NAME
Personal name براون، بن
Relator term مؤلف
245 #0 - TITLE STATEMENT
Title المحاسبة العملية في الاعمال الزراعية و الريفية /
Statement of responsibility, etc. بن براون
260 ## - PUBLICATION, DISTRIBUTION, ETC.
Place of publication, distribution, etc. الرياض:
Name of publisher, distributor, etc. جامعة الملك السعود,
Date of publication, distribution, etc. 2001
300 ## - PHYSICAL DESCRIPTION
Extent 310 صفحة؛
Other physical details جداول
Dimensions 24 سم
520 ## - SUMMARY, ETC.
Summary, etc. يتناول هذا الكتاب الاجراءات المحاسبية الصورة الكاملة - الميزانية العمومية - حساب الارباح والخسائر - امساك السجلات - التحليل النقدي وحسابات نهاية العام - تعمييق الاجراءات المحاسبية - الخطوات المتكاملة للعمل - التخطيط للمستقبل -دور الحاسوب في انجاز العمل المحاسبي - المحاسبة من ضرائب الدخل
653 ## - INDEX TERM--UNCONTROLLED
Uncontrolled term زراعة
653 ## - INDEX TERM--UNCONTROLLED
Uncontrolled term محاسبة
653 ## - INDEX TERM--UNCONTROLLED
Uncontrolled term مسك الدفاتر
942 ## - ADDED ENTRY ELEMENTS (KOHA)
Koha item type كتب
المقتنيات
Withdrawn status Lost status Source of classification or shelving scheme Damaged status Not for loan Home library Current library Date acquired Serial enumeration / chronology Inventory number Total checkouts Full call number Barcode Date last seen Price effective from Koha item type
    Library of Congress Classification   NOT LOAN / إعارة داخلية مكتبة كلية العلوم الإقتصادية والعلوم التجارية وعلوم التسيير مكتبة كلية العلوم الإقتصادية والعلوم التجارية وعلوم التسيير 07/05/2026 الطابق الأرضي 779/1   أ/779ن1 779/1 07/05/2026 07/05/2026 كتب

موارد الويب المفتوحة


© University of Algiers 3 All Rights Reserved
|
Implemented by LECHELAH Riad